LEADER 01700nam a2200241 i 4500 001 000000224355 003 CaOOAMICUS 005 20260331124612.0 008 131030s1935 it u000 u lat u 040 $aSeMil$bita 245 00$aTomus 3. In SS. Marcum et Lucam ; Tomus 4. In Sanctum Joannem :$badditis in appendice Commissionis pontificiae de re biblica responsis propositionibusque per decr. "Lamentabili" reprobatis et proscriptis quae ad Evangelia referuntur. 250 $aEditio quarta emendata. 264 1$aTaurini :$bMarietti a. 1820 condita,$c1835. 300 $a2 pt. (509, 555 p.) ;$c23 cm 650 4$aBibbia. Nuovo Testamento. Vangelo secondo Giovanni - Commentari, studi, critica, interpretazioni.$0(OLS)http://semarc/subject/119 650 4$aBibbia. Nuovo Testamento. Vangelo secondo Luca - Commentari, studi, critica, interpretazioni.$0(OLS)http://semarc/subject/142 650 4$aBibbia. Nuovo Testamento. Vangelo secondo Marco - Commentari, studi, critica, interpretazioni.$0(OLS)http://semarc/subject/143 773 0 $aCornelius : a Lapide $tCommentaria in Quatuor Evangelia.$dTaurini : Marietti a. 1820 condita, 1935.$gTomus3$w()28994 850 $aSeMil 852 $aSeMil$W1$xVenegono$y1$m2VV VII 44$j269427$B174701$CSeMilBibl$Z2$F184748 $81 996 $6245$aTomus 3. In SS. Marcum et Lucam ; Tomus 4. In Sanctum Joannem :$badditis in appendice Commissionis pontificiae de re biblica responsis propositionibusque per decr. "Lamentabili" reprobatis et proscriptis quae ad Evangelia referuntur$9(OLS)http://semarc/title/321503 996 $6264$aTaurini :$bMarietti a. 1820 condita$9(OLS)http://semarc/publisher/35841